Top U.S. Cities with the Most Starbucks Locations - Statistics

General Stats
  • This quiz has been taken 78 times
  • The average score is 9 of 10
Answer Stats
# Locations U.S. City % Correct
137 Los Angeles
98%
241 New York City
98%
133 Seattle
98%
93 San Francisco
97%
184 Chicago
95%
148 Houston
90%
103 Phoenix
87%
107 Portland
87%
141 San Diego
81%
125 Las Vegas
75%
No matching quizzes found
Score Distribution
Percent of People with Each Score
Percentile by Number Answered
Your Score History
You have not taken this quiz